Textbook of production technology for vegetables and spices (Record no. 122619)

MARC details
000 -LEADER
fixed length control field 00609nam a2200241Ia 4500
008 - FIXED-LENGTH DATA ELEMENTS--GENERAL INFORMATION
fixed length control field 210210b2018 xxu||||| |||| 00| 0 eng d
020 ## - INTERNATIONAL STANDARD BOOK NUMBER
International Standard Book Number 9788183214759
041 ## - LANGUAGE CODE
Language code of text/sound track or separate title eng
082 ## - DEWEY DECIMAL CLASSIFICATION NUMBER
Classification number 664.8 SONT
100 ## - MAIN ENTRY--PERSONAL NAME
Personal name SONI (A K)
245 ## - TITLE STATEMENT
Title Textbook of production technology for vegetables and spices
260 ## - PUBLICATION, DISTRIBUTION, ETC.
Place of publication, distribution, etc. Udaipur
Name of publisher, distributor, etc. Agrotech Publishing Academy
Date of publication, distribution, etc. 2018
300 ## - PHYSICAL DESCRIPTION
Extent 399
650 ## - SUBJECT ADDED ENTRY--TOPICAL TERM
Topical term or geographic name entry element vegetables
650 ## - SUBJECT ADDED ENTRY--TOPICAL TERM
Topical term or geographic name entry element Textbook
650 ## - SUBJECT ADDED ENTRY--TOPICAL TERM
Topical term or geographic name entry element technology
650 ## - SUBJECT ADDED ENTRY--TOPICAL TERM
Topical term or geographic name entry element spices
650 ## - SUBJECT ADDED ENTRY--TOPICAL TERM
Topical term or geographic name entry element production
650 ## - SUBJECT ADDED ENTRY--TOPICAL TERM
Topical term or geographic name entry element for
690 ## - LOCAL SUBJECT ADDED ENTRY--TOPICAL TERM (OCLC, RLIN)
Topical term or geographic name as entry element Fruits & Vegetables
700 ## - ADDED ENTRY--PERSONAL NAME
Personal name SHARMA (Deepika)
906 ## - LOCAL DATA ELEMENT F, LDF (RLIN)
a 072695
Holdings
Withdrawn status Lost status Damaged status Not for loan Collection code Home library Current library Shelving location Date acquired Source of acquisition Cost, normal purchase price Total Checkouts Full call number Barcode Date last seen Date last checked out Price effective from Koha item type
          St Aloysius Library St Aloysius Library   02/17/2021 R V Book Distributors, Bengaluru-560061 2500.00 1 664.8 SONT 072695 11/16/2022 10/19/2022 02/17/2021 Book